000 00244nam a2200097Ia 4500
082 _aJ 523.46 SPAR
245 0 _aDestination saturn
100 _a Sparrow, Giles London, 2009
942 _cBK
008 210817s9999 xx 000 0 und d
999 _c396478
_d396477